Robbie Williams Songs. - Statistics

General Stats
  • This quiz has been taken 309 times
  • The average score is 46 of 165
Answer Stats
Hint Album/Song % Correct
Angels
95%
Feel
79%
Let Me Entertain You
79%
Candy
73%
Rock DJ
70%
Shes the One
68%
She's The One
68%
Millennium
67%
Come Undone
56%
Kids
56%
Old Before I Die
53%
Strong
53%
| 2006 Rudebox
50%
Supreme
50%
2000 Sing When Youre Winning
47%
Me And My Monkey
46%
Bodies
44%
No Regrets
44%
Sexed Up
44%
2002 Escapology
42%
Something Stupid
42%
| 1997 Life Thru A Lens
41%
2001 Swing When Youre Winning
41%
Tripping
41%
Advertising Space
39%
Eternity
39%
Let Love Be Your Energy
39%
Better Man
38%
Lazy Days
37%
Nans Song
37%
Radio
36%
1998 Ive Been Expecting You
33%
Monsoon
33%
Mr Bojangles
33%
She's Madonna
33%
2005 Intensive Care
31%
The Road To Mandalay
31%
| (hidden track) Morning Sun
30%
2009 Reality Killed The Video Star
30%
Sin Sin Sin
30%
Something Beautiful
30%
2012 Take The Crown
30%
Beyond The Sea
29%
Hot Fudge
29%
I Will Talk And Hollywood Will Listen
29%
You Know Me
29%
Go Gentle
28%
2004 Greatest Hits
28%
Mack The Knife
28%
Misunderstood
28%
Ghosts
27%
Jesus In A Camper Van
25%
Me And My Shadow
25%
Karma Killer
24%
Lovelight
24%
South Of The Border
24%
The 80's
24%
The 90's
24%
Your Gay Friend
24%
Handsome Man
23%
Make Me Pure
23%
| 2013 Swing Both Ways
23%
Phoenix From The Flames
22%
Be A Boy
21%
Ego A Go Go
21%
I Wanna Be Like You
20%
Have You Met Miss Jones?
19%
| (hidden track) How Peculiar
19%
It Was A Very Good Year
19%
Revolution
19%
Things
19%
Baby Girl Window
18%
Different
18%
Spread Your Wings
18%
Clean
17%
We're The Pet Shop Boys
17%
Cursed
16%
(hidden track) Dickhead
16%
Good Doctor
16%
Grace
16%
Shine My Shoes
16%
Soda Pop
16%
Viva Life On Mars
16%
Blasphemy
15%
Forever Texas
15%
Gospel
15%
Summertime
15%
Deceptacon
14%
Difficult for Weirdos
14%
Dream A Little Dream
14%
Heaven From Here
14%
(Hidden Track) Hello Sir
14%
Knutsford City Limits
14%
Little Green Apples
14%
Singing For The Lonely
14%
Song 3
14%
Swing Supreme
14%
The Trouble With Me
14%
A Place To Crash
13%
Bongo Bong And Je Ne T'aime Plus
13%
Burslem Normals
13%
Do You Mind?
13%
King of Bloke And Bird
13%
Louise
13%
Love Somebody
13%
Man Machine
13%
Minnie The Moocher
13%
One For My Baby
13%
Starstruck
13%
The Actor
13%
Win Some Lose Some
13%
Killing Me
12%
Kiss Me
12%
Straighten Up And Fly Right
12%
Aint That A Kick In The Head
11%
If Its Hurting You
11%
Superblind
11%
Hey Wow Yeah Yeah
10%
If I Only Had A Brain
10%
Keep On
10%
Last Days Of Disco
10%
Love Calling Earth
10%
No One Likes A Fat Popstar
10%
Not Like The Others
10%
One Of Gods Better People
10%
(Hidden Track) Outtakes
10%
Puttin On The Ritz
10%
Shit On The Radio
10%
(hidden track) Stalkers Day Off
10%
Won't Do That
10%
(hidden track) I Tried Love
9%
Random Act Of Kindness
9%
Somewhere
9%
Hunting For You
8%
Into The Silence
8%
Snowblind
8%
Well Did You Evah!
8%
All That I Want
7%
Never Touch That Switch
7%
Please Dont Lie
7%
(hidden track) Stand Your Ground
7%
These Dreams
7%
By All Means Necessary
6%
Do Nothing Till You Hear From Me
5%
They Cant Take That Away From Me
5%
No matching quizzes found
Score Distribution
Percent of People with Each Score
Percentile by Number Answered
Your Score History
You have not taken this quiz